Residential markets in Germany (Record no. 114164)

MARC details
000 -LEADER
fixed length control field 00883cad a22001935a 4500
001 - CONTROL NUMBER
control field L156298
008 - FIXED-LENGTH DATA ELEMENTS--GENERAL INFORMATION
fixed length control field 120511s2012 xxk f 000 0 eng d
035 ## - SYSTEM CONTROL NUMBER
System control number (Sirsi) u156298
041 0# - LANGUAGE CODE
Language code of text/sound track or separate title eng
110 2# - MAIN ENTRY--CORPORATE NAME
Corporate name or jurisdiction name as entry element Savills
9 (RLIN) 2020
245 00 - TITLE STATEMENT
Title Residential markets in Germany
Remainder of title Current developments, prospects and opportunities
-- Executive summary
Medium [electronic resource]
260 ## - PUBLICATION, DISTRIBUTION, ETC.
Place of publication, distribution, etc. Berlin
Name of publisher, distributor, etc. Savills
Date of publication, distribution, etc. 2012
520 ## - SUMMARY, ETC.
Summary, etc. Measures trends in the German residential markets. Looks at structural risks, risk/return ratio, the state of the housing stock including ownership structure, construction activity and age. Analyses the occupier and investment markets.
590 ## - LOCAL NOTE (RLIN)
Local note KA
651 #4 - SUBJECT ADDED ENTRY--GEOGRAPHIC NAME
Geographic name Germany
690 ## - LOCAL SUBJECT ADDED ENTRY--TOPICAL TERM (OCLC, RLIN)
Topical term or geographic name as entry element Residential property
9 (RLIN) 6266
856 40 - ELECTRONIC LOCATION AND ACCESS
Uniform Resource Identifier <a href="https://www.savills.co.uk/research/european-research.aspx">https://www.savills.co.uk/research/european-research.aspx</a>
Public note View the report after free registration at www.savills.co.uk
942 ## - ADDED ENTRY ELEMENTS (KOHA)
Suppress in OPAC 0
Holdings
Withdrawn status Lost status Source of classification or shelving scheme Damaged status Not for loan Home library Current library Shelving location Date acquired Total Checkouts Full call number Barcode Date last seen Copy number Price effective from Koha item type
    Dewey Decimal Classification     Virtual Virtual Online 11/05/2012   ONLINE PUBLICATION 156298-2001 06/08/2019 1 06/08/2019 Book